| 000 | 00450 a2200169 4500 | ||
|---|---|---|---|
| 003 | Nust | ||
| 005 | 20230530072703.0 | ||
| 040 | _cNust | ||
| 082 | _a297.63,NAE | ||
| 100 |
_aNaeem Siddiqui _964634 |
||
| 245 |
_aMohsin e Insaniyat / _cNaeem Siddiqui |
||
| 260 |
_aLahore , pakistan _badara mutala - o- tehqiq _c2004 |
||
| 300 | _a672p; | ||
| 538 | _aAlmirah No.66, Shelf No.3 | ||
| 650 |
_aLife of the Prophet of Islam _9112834 |
||
| 942 |
_2ddc _cBK |
||
| 999 |
_c194101 _d194101 |
||